Statistics for All about Science #1

Click here to take the quiz!

General Stats

  • This quiz has been taken 204 times
  • The average score is 7 of 11

Answer Stats

HintAnswer% Correct
A natural science concerned with the study of life and living organisms, including their structure, function, growth, evolution, distribution, and taxonomy. Modern biology is a vast and eclectic field, composed of many branches and subdisciplines.Biology
95%
A natural science that involves the study of matter and its motion through space and time, along with related concepts such as energy and force.Physics
91%
A study of behavior and mind, embracing all aspects of human experiencePsychology
86%
A branch of physical science that studies the composition, structure, properties and change of matter.Chemistry
80%
A study of animals, their behaviour, physiology and evolution, as well as their interactions with each other and their environmentZoology
71%
A science comprising the study of solid Earth, the rocks of which it is composed, and the processes by which they change.Geology
67%
This is concerned with the study of the fundamental natural phenomena and processes of plant lifeBotany
65%
A branch of biology concerned with the study of the structure of organisms and their parts.Anatomy
57%
This is the scientific study of the relationships that living organisms have with each other and with their abiotic environment.Ecology
50%
A branch of Earth science that studies the ocean.Oceanography
45%
A interdisciplinary scientific study of the atmosphere. Studies in the field stretch back millennia, though significant progress in meteorology did not occur until the 18th century.Meteorology
37%

Score Distribution

Percentile by Number Answered

Percent of People with Each Score

Your Score History

You have not taken this quiz